De droite ou de gauche ? - Statistiques

Statistiques générales
  • Ce quiz a été pris 465 fois
  • Le résultat moyen est 9 sur 15
Statistiques - réponses
Hint Réponse % Correct
Eric Ciotti Droite
88%
Philippe de Villiers Droite
80%
Emmanuel Macron Centre
75%
Edouard Balladur Droite
67%
François Ruffin Gauche
67%
Stanislas Rigault Droite
60%
Harlem Désir Gauche
58%
Valérie Hayer Centre
57%
Brice Hortefeux Droite
57%
Sarah Knafo Droite
55%
Ian Brossat Gauche
51%
Luc Chatel Droite
49%
Bernard Cazeneuve Gauche
43%
Aurore Bergé Centre
40%
Vincent Peillon Gauche
38%
Aucun quiz correspondant
Distribution des résultats
% des personnes avec chaque résultat
Percentile par nombre de réponses
Votre historique - résultats
Vous n’avez pas pris ce quiz